Southville International School and Colleges
Your cart is empty.
  • Cart
  • Lists
    Public lists Eva Luna New books Lux_list list_1
    Your lists Log in to create your own lists
  • Log in to your account
  • Your cookies
  • Search history
Southville International School and Colleges
  • Advanced search
  • Recent comments
  • Most popular
  • Libraries

Log in to your account

Log in with GOOGLE


If you do not have an external account, but do have a local account, you can still log in:

  1. Home
  2. MARC view: The growing - up feet /
Normal view MARC view ISBD view

The growing - up feet / (Record no. 103069)

[ view plain ]
MARC details
000 -LEADER
fixed length control field 00584nam a2200193 a 4500
005 - DATE AND TIME OF LATEST TRANSACTION
control field 20140412111249.0
008 - FIXED-LENGTH DATA ELEMENTS--GENERAL INFORMATION
fixed length control field 060117s19uu xx 00 eng d
020 ## - INTERNATIONAL STANDARD BOOK NUMBER
International Standard Book Number 0-688-15470-0
050 ## - LIBRARY OF CONGRESS CALL NUMBER
Classification number TR(PS E
Item number Gr89 1987
100 ## - MAIN ENTRY--PERSONAL NAME
Personal name Cleary, Beverly
245 ## - TITLE STATEMENT
Title The growing - up feet /
Statement of responsibility, etc Beverly Cleary.
260 ## - PUBLICATION, DISTRIBUTION, ETC. (IMPRINT)
Place of publication, distribution, etc New York :
Name of publisher, distributor, etc Mulberry books,
Date of publication, distribution, etc 1987.
300 ## - PHYSICAL DESCRIPTION
Extent 31
520 ## - SUMMARY, ETC.
Summary, etc The twins' feet haven't "grown up" enough for new shoes, so they get bright boots instead.
650 ## - SUBJECT ADDED ENTRY--TOPICAL TERM
Topical term or geographic name as entry element Shoes - fiction
650 ## - SUBJECT ADDED ENTRY--TOPICAL TERM
Topical term or geographic name as entry element boots-fiction
650 ## - SUBJECT ADDED ENTRY--TOPICAL TERM
Topical term or geographic name as entry element Twins-fiction
Holdings
Withdrawn status Lost status Damaged status Home library Current library Shelving location Date acquired Source of acquisition Cost, normal purchase price Total Checkouts Full call number Barcode Date last seen Price effective from Koha item type
      Elizalde Library Elizalde Library Teachers Reference Section 01/17/2006   185.00   TR(PS E Gr89 1987 E3754 04/12/2014 04/12/2014 Books

The growing - up feet /

APA

Cleary B., . (1987). The growing - up feet. New York: Mulberry books.

Chicago

Cleary Beverly, . 1987. The growing - up feet. New York: Mulberry books.

Harvard

Cleary B., . (1987). The growing - up feet. New York: Mulberry books.

MLA

Cleary Beverly, . The growing - up feet. New York: Mulberry books. 1987.

  • Place hold
  • Print
  • Cite
  • Add to your cart (remove)
  • Save record
    BIBTEX Dublin Core MARCXML MARC (non-Unicode/MARC-8) MARC (Unicode/UTF-8) MARC (Unicode/UTF-8, Standard) MODS (XML) RIS
  • More searches
    Search for this title in:
    Other Libraries (WorldCat) Other Databases (Google Scholar) Online Stores (Bookfinder.com) Open Library (openlibrary.org)

Exporting to Dublin Core...

SOUTHVILLE LIBRARY

Southville International School and Colleges Library

1281 Tropical Ave. Cor. Luxembourg St., BF Homes International, Las Pinas City

Tel. No. 8256374 / 252358 Loc. 117/146

Powered by Koha